| 000 | 01416cam a2200385 a 4500 | ||
|---|---|---|---|
| 001 | 1526510 | ||
| 003 | OSt | ||
| 005 | 20140310182718.0 | ||
| 008 | 900531s1991 nyua j 001 0 eng | ||
| 010 | _a 90040524 | ||
| 020 |
_a0027190366 : _c$16.95 |
||
| 040 |
_aDLC _cDLC _dDLC |
||
| 042 | _alcac | ||
| 043 | _an-us-dc | ||
| 050 | 0 | 0 |
_aJK 2725 _b.C639 1990 |
| 082 | 0 | 0 |
_aM 917. 53044 _2C61 1990 |
| 100 | 1 | _aClimo, Shirley. | |
| 245 | 1 | 0 |
_aCity! Washington, D.C / _cClimo, Shirley |
| 250 | _a1st ed. | ||
| 260 |
_aNew York : _bMacmillan ; _aToronto : _bCollier Macmillan : _aNew York : _bMaxwell Macmillan International, _cc1991. |
||
| 300 |
_a59 p. : _bcol. ill. ; _c24 cm. |
||
| 500 | _aIncludes index. | ||
| 520 | _aDescribes the building, history, and significant sights of Washington, D.C. | ||
| 521 | _aHighschool to College student | ||
| 526 | _c 0L to 1700L | ||
| 541 | _j1 | ||
| 562 | _efor circulation. 1 copy available in the collection | ||
| 651 | 0 |
_aWashington (D.C.) _xGuidebooks _xJuvenile literature. |
|
| 651 | 0 |
_aWashington (D.C.) _xJuvenile literature. |
|
| 651 | 1 | _aWashington (D.C.) | |
| 700 | 1 |
_aAncona, George, _eill. |
|
| 906 |
_a7 _bcbc _corignew _d1 _eocip _f19 _gy-gencatlg |
||
| 942 |
_2lcc _cBK _kM |
||
| 999 |
_c15309 _d15309 |
||